The fledgling / (Record no. 819)

MARC details
000 -LEADER
fixed length control field 01062nam a22003377a 4500
005 - DATE AND TIME OF LATEST TRANSACTION
control field 20230710151916.0
020 ## - INTERNATIONAL STANDARD BOOK NUMBER
International Standard Book Number 0060236787
020 ## - INTERNATIONAL STANDARD BOOK NUMBER
International Standard Book Number 0060236795 (lib. bdg.)
040 ## - CATALOGING SOURCE
Original cataloging agency DLC
Transcribing agency DLC
Modifying agency DLC
Language of cataloging eng
050 00 - LIBRARY OF CONGRESS CALL NUMBER
Classification number PZ7.L2717
Item number Fl 1980
082 00 - DEWEY DECIMAL CLASSIFICATION NUMBER
Classification number 813.54
100 1# - MAIN ENTRY--PERSONAL NAME
Personal name Langton, Jane,
Dates associated with a name 1922-2018.
245 14 - TITLE STATEMENT
Title The fledgling /
Statement of responsibility, etc. Jane Langton.
250 ## - EDITION STATEMENT
Edition statement First Scholastic printing, January 1990.
260 ## - PUBLICATION, DISTRIBUTION, ETC.
Place of publication, distribution, etc. New York :
Name of publisher, distributor, etc. Scholastic,
Date of publication, distribution, etc. 1990.
300 ## - PHYSICAL DESCRIPTION
Extent 182 pages :
Other physical details illustration ;
Dimensions 20 cm.
500 ## - GENERAL NOTE
General note "An Ursula Nordstrom book."
505 ## - FORMATTED CONTENTS NOTE
Formatted contents note T <br/><br/>
520 ## - SUMMARY, ETC.
Summary, etc. Georgie's fondest hope, to be able to fly, is fleetingly fulfilled when she is befriended by a Canada goose.
521 ## - TARGET AUDIENCE NOTE
Target audience note 800<br/>
Source Lexile <br/>
521 ## - TARGET AUDIENCE NOTE
Target audience note T <br/>
Source Raz-Plus <br/>
650 #1 - SUBJECT ADDED ENTRY--TOPICAL TERM
Topical term or geographic name entry element Flight
Form subdivision Fiction.
650 #1 - SUBJECT ADDED ENTRY--TOPICAL TERM
Topical term or geographic name entry element Canada geese
Form subdivision Fiction.
650 #1 - SUBJECT ADDED ENTRY--TOPICAL TERM
Topical term or geographic name entry element Duck family (Birds)
Form subdivision Fiction.
650 #1 - SUBJECT ADDED ENTRY--TOPICAL TERM
Topical term or geographic name entry element Geese
Form subdivision Fiction.
650 #1 - SUBJECT ADDED ENTRY--TOPICAL TERM
Topical term or geographic name entry element Human-animal relationships
Form subdivision Fiction.
906 ## - LOCAL DATA ELEMENT F, LDF (RLIN)
a 7
b cbc
c orignew
d 1
e ocip
f 19
g y-gencatlg
942 ## - ADDED ENTRY ELEMENTS (KOHA)
Source of classification or shelving scheme Dewey Decimal Classification
Koha item type Books
Suppress in OPAC No
999 ## -
-- 819
-- 819
Holdings
Withdrawn status Lost status Source of classification or shelving scheme Damaged status Not for loan Collection Home library Current library Shelving location Date acquired Total Checkouts Full call number Barcode Date last seen Copy number Price effective from Koha item type
    Dewey Decimal Classification     Fiction Footprints International School Library Network Toul Kork Campus Footprints International School Library Network Toul Kork Campus A TK Campus, 4th Floor, Room B401, Fiction Bookcases (1-6) 07/10/2023   LAN 813.54 PZ7.L2717 FISTK04952 07/10/2023 1 07/10/2023 Books
    Dewey Decimal Classification     Juvenile Fiction Footprints International School Library Network Toul Kork Campus Footprints International School Library Network Toul Kork Campus TTP Secondary Fiction Bookshelves 01/12/2024   LAN 813.54 PZ7.L2717 FISSE01109 01/12/2024 2 07/10/2023 Books